000 00464nam a2200145Ia 4500
008 090122s9999 xx 000 0 und d
082 _b6015
_a808.899282
100 _aदाते
_bहेमंत
245 _aनिसर्ग बोलतोय भाग 1
600 _aदाते
630 _aनिसर्ग बोलतोय भाग 1
700 _aदाते
730 _aनिसर्ग बोलतोय भाग 1
942 _cBOOK
999 _c30092
_d30092